00739nam a2200253 a 4500001001300000003000900013005001700022008004100039020001000080082001900090100001400109245006400123260002900187300001000216500003500226505002400261650002100285650001300306700001400319902000800333942000700341952012000348999001700468nice12345678IN_TiNIC20260116013952.0050524s1982 dela grp 000 0 eng  ac50000a294.59213bCAL aCaland, W aPancavimsa-Brahmanab the Brahmana of Twenty Five Chapters. aDelhibSri Satguruc1982 a656p. aincludes index and biblioraphy2 aBibliography, Index aVedic Literature aSamaveda1 aCaland, W bSRS cBK 001040708StackRoom-aHMIbHMId2007-07-25g500.00l0o294.59213 CALp019171r2018-12-11v500.00w2005-05-24yBK c13302d13302